[Event "ICS rated blitz match"]
[Site "204.178.125.65"]
[Date "2001.08.23"]
[Round "?"]
[White "MrPeabody"]
[Black "Hossa"]
[Result "1-0"]
[WhiteElo "2699"]
[BlackElo "2537"]
[PlyCount "104"]
[EventDate "2001.??.??"]

1. d4 d5 2. Nf3 Nf6 3. c4 dxc4 4. e3 b5 5. a4 c6 6. axb5 cxb5 7. b3 e6 8. bxc4
bxc4 9. Bxc4 Bd6 10. O-O O-O 11. Ba3 Bxa3 12. Nxa3 Bb7 13. Ne5 Qe7 14. Rb1 Bxg2
15. Kxg2 Qxa3 16. Rb7 Qd6 17. Qf3 Nfd7 18. Nxf7 Rxf7 19. Rxd7 Qxd7 20. Qxa8 Rf8
21. Qe4 Rf6 22. Rb1 Qe8 23. d5 e5 24. d6+ Kh8 25. Bd3 g6 26. Rb7 Qf8 27. Kg1 a5
28. Rc7 Rxd6 29. Qxe5+ Rf6 30. Qc3 Qd6 31. Rf7 Nd7 32. Rxd7 Qxd7 33. Qxf6+ Qg7
34. Qd8+ Qg8 35. Qxa5 Kg7 36. Qe5+ Kh6 37. Qf4+ Kg7 38. Qd4+ Kh6 39. e4 Qc8 40.
e5 Qc6 41. Qh4+ Kg7 42. Qe7+ Kg8 43. e6 Qc1+ 44. Bf1 Qf4 45. Qd8+ Kg7 46. e7
Qg5+ 47. Kh1 Qf4 48. e8=Q Qf3+ 49. Bg2 Qf4 50. Qee7+ Kh6 51. Qc8 Qg3 52. hxg3
g5 {Hossa resigns} 1-0

[Event "ICS rated blitz match"]
[Site "204.178.125.65"]
[Date "2001.08.23"]
[Round "?"]
[White "scriabin"]
[Black "Hossa"]
[Result "0-1"]
[WhiteElo "2251"]
[BlackElo "2528"]
[PlyCount "82"]
[EventDate "2001.??.??"]

1. d4 e6 2. e4 d5 3. Nc3 Bb4 4. e5 Ne7 5. a3 Bxc3+ 6. bxc3 Bd7 7. Rb1 b6 8. h4
c5 9. h5 h6 10. Qg4 Rg8 11. Bd3 Nf5 12. Qf4 Nc6 13. g4 Nfe7 14. Nf3 c4 15. Be2
Rc8 16. g5 hxg5 17. Nxg5 Nf5 18. Bg4 Nh6 19. Bh3 Ne7 20. Rg1 Nhf5 21. Bg4 Qc7
22. Bd1 Rh8 23. Ra1 f6 24. exf6 gxf6 25. Qxc7 Rxc7 26. Nh3 e5 27. dxe5 fxe5 28.
Ng5 Rb7 29. a4 a6 30. a5 bxa5 31. Rxa5 Rb1 32. Kd2 Rb6 33. Nf3 Rxh5 34. Nxe5
Rh2 35. Ng4 Rh3 36. f3 Ng3 37. Ne5 Rh2+ 38. Ke3 Ngf5+ 39. Kf4 Rh4+ 40. Kg5 Rbh6
41. Nxd7 Rg6# {scriabin checkmated} 0-1

[Event "ICS rated blitz match"]
[Site "204.178.125.65"]
[Date "2001.08.23"]
[Round "?"]
[White "Hossa"]
[Black "SHABBA"]
[Result "1-0"]
[WhiteElo "2533"]
[BlackElo "2035"]
[PlyCount "69"]
[EventDate "2001.??.??"]

1. e4 d6 2. Nc3 Nf6 3. Nf3 g6 4. Bc4 Bg7 5. O-O O-O 6. d3 Bg4 7. Bg5 h6 8. Bf4
e5 9. Be3 Nc6 10. a4 a6 11. Qe2 Kh7 12. Rfd1 Nd4 13. Bxd4 exd4 14. Nb1 Nd7 15.
Nbd2 c6 16. h3 Bxf3 17. Nxf3 c5 18. a5 Ne5 19. Bd5 Rb8 20. Nd2 b5 21. axb6 Qxb6
22. f4 Nd7 23. Nc4 Qc7 24. Rxa6 Nb6 25. Nxb6 Rxb6 26. Rxb6 Qxb6 27. Rb1 Qb4 28.
f5 Be5 29. Qg4 Qd2 30. Bxf7 g5 31. Qh5 Bg7 32. f6 Qe3+ 33. Kh1 Bxf6 34. Qg6+
Kh8 35. Qxh6# {SHABBA checkmated} 1-0

[Event "ICS rated blitz match"]
[Site "204.178.125.65"]
[Date "2001.08.23"]
[Round "?"]
[White "Hossa"]
[Black "postalex"]
[Result "1-0"]
[WhiteElo "2537"]
[BlackElo "2103"]
[PlyCount "73"]
[EventDate "2001.??.??"]

1. c4 e6 2. d4 d5 3. Nc3 c5 4. cxd5 exd5 5. dxc5 d4 6. Na4 Bxc5 7. Nxc5 Qa5+ 8.
Qd2 Qxc5 9. b4 Qb6 10. Nf3 Nc6 11. Bb2 Nf6 12. a3 Ne4 13. Qd3 Bf5 14. Bxd4 Nxd4
15. Qxd4 O-O 16. Qxb6 axb6 17. Nd4 Bg6 18. e3 Rfc8 19. Be2 Rc3 20. a4 h5 21. f3
Rxe3 22. fxe4 Rxe4 23. Nb5 Rxb4 24. Nc3 Re8 25. O-O Re3 26. Nd5 Rxe2 27. Nxb4
Rb2 28. Rf4 f6 29. Re1 Bf7 30. Re7 Bb3 31. Rxb7 Bxa4 32. Nd5 Kh7 33. Rxa4 b5
34. Raa7 b4 35. Rxg7+ Kh6 36. Nxf6 h4 37. Ng8+ {postalex resigns} 1-0

[Event "ICS rated blitz match"]
[Site "204.178.125.65"]
[Date "2001.08.23"]
[Round "?"]
[White "Hossa"]
[Black "shally"]
[Result "1-0"]
[WhiteElo "2539"]
[BlackElo "2283"]
[PlyCount "67"]
[EventDate "2001.??.??"]

1. c4 e5 2. Nc3 Bb4 3. g3 f5 4. Nd5 Ba5 5. b4 c6 6. bxa5 cxd5 7. cxd5 Qxa5 8.
Qc2 Na6 9. Qxf5 Qxd5 10. Qh5+ g6 11. Qf3 Qxf3 12. Nxf3 d6 13. Ba3 Kd7 14. Bg2
Nf6 15. Rc1 h5 16. Ng5 Ke7 17. Bxd6+ Kxd6 18. Nf7+ Ke7 19. Nxh8 g5 20. h4 g4
21. Rb1 Rb8 22. Ng6+ Ke6 23. Rb5 Nd7 24. d4 b6 25. Nxe5 Nxe5 26. Rxe5+ Kf6 27.
O-O Bf5 28. f3 Kg6 29. fxg4 Bxg4 30. Rg5+ Kh6 31. Rf6+ Kh7 32. Rf7+ Kh6 33. Be4
Rh8 34. Rg6# {shally checkmated} 1-0

[Event "ICS rated blitz match"]
[Site "204.178.125.65"]
[Date "2001.08.23"]
[Round "?"]
[White "sekere"]
[Black "Hossa"]
[Result "0-1"]
[WhiteElo "2216"]
[BlackElo "2545"]
[PlyCount "66"]
[EventDate "2001.??.??"]

1. e4 c5 2. d4 cxd4 3. Nf3 e6 4. Nxd4 a6 5. g3 d5 6. exd5 Qxd5 7. Nf3 Qxd1+ 8.
Kxd1 Nf6 9. Nc3 Bb4 10. Bd2 Nc6 11. Bg2 O-O 12. Re1 Ng4 13. Ke2 Rd8 14. h3 Nge5
15. Nxe5 Nxe5 16. Rad1 Nc4 17. b3 Nxd2 18. Rxd2 Bd7 19. Rd3 Rac8 20. Red1 Rxc3
21. Rxd7 Rxc2+ 22. Kf1 Rxd7 23. Rxd7 g5 24. Rxb7 Bc5 25. Be4 Rxf2+ 26. Ke1 Rxa2
27. Rc7 Bf2+ 28. Kf1 Bxg3 29. Rc6 Kg7 30. Bd3 Rh2 31. Rxa6 Rxh3 32. Be2 Rh2 33.
Kg1 Rxe2 {sekere resigns} 0-1

[Event "ICS rated standard match"]
[Site "204.178.125.65"]
[Date "2001.08.23"]
[Round "?"]
[White "PostModernist"]
[Black "Hossa"]
[Result "1-0"]
[WhiteElo "2509"]
[BlackElo "2293"]
[PlyCount "76"]
[EventDate "2001.??.??"]

1. d4 d5 2. Nf3 e6 3. c4 dxc4 4. e3 b5 5. a4 c6 6. Nc3 b4 7. Ne4 Qd5 8. Ned2 c3
9. bxc3 bxc3 10. Nb1 Bb4 11. Qc2 Nf6 12. Nxc3 Ba6 13. Bxa6 Bxc3+ 14. Qxc3 Nxa6
15. Ba3 Ne4 16. Qc2 c5 17. Qe2 c4 18. O-O f6 19. Rfc1 Rc8 20. Ne1 e5 21. f3 Ng5
22. dxe5 Nf7 23. exf6 gxf6 24. Qb2 Ne5 25. Rd1 c3 26. Qc2 Qb7 27. Rab1 Qg7 28.
f4 Nd7 29. Rb7 Nc7 30. Qxc3 Qg4 31. Rd6 O-O 32. Rxa7 Rf7 33. Rxc7 Rxc7 34. Qxc7
Nf8 35. Qc4 Kg7 36. Bb2 Nd7 37. a5 Qf5 38. a6 Qa5 {Hossa resigns} 1-0

[Event "ICS rated blitz match"]
[Site "204.178.125.65"]
[Date "2001.08.23"]
[Round "?"]
[White "monsoon"]
[Black "Hossa"]
[Result "1-0"]
[WhiteElo "2685"]
[BlackElo "2549"]
[PlyCount "70"]
[EventDate "2001.??.??"]

1. e4 c5 2. Nf3 Nc6 3. Bb5 e6 4. Bxc6 bxc6 5. O-O Ba6 6. d3 c4 7. Nc3 d5 8. d4
Qc7 9. Qe2 O-O-O 10. Bg5 Nf6 11. Rab1 Be7 12. e5 Ne8 13. Bxe7 Qxe7 14. Na4 Bb5
15. Nc5 c3 16. Nd3 cxb2 17. Rxb2 f6 18. Qd2 Bxd3 19. Qxd3 Nc7 20. c4 Qf8 21.
Rc1 Qe8 22. Qa3 a6 23. Qb4 Kd7 24. cxd5 Qf7 25. Rxc6 Ke8 26. dxe6 Nxe6 27. exf6
Qxf6 28. Re2 Kf7 29. Rexe6 Qxe6 30. Ng5+ Kg6 31. Nxe6 Rd7 32. Qc5 h6 33. Nf8+
Kf7 34. Qf5+ Kg8 35. Nxd7 g5 {Hossa resigns} 1-0

[Event "ICS rated standard match"]
[Site "204.178.125.65"]
[Date "2001.08.26"]
[Round "?"]
[White "Hossa"]
[Black "Tinker"]
[Result "1-0"]
[WhiteElo "2286"]
[BlackElo "2394"]
[PlyCount "119"]
[EventDate "2001.??.??"]

1. d4 Nf6 2. c4 e6 3. Nf3 d5 4. Bg5 Be7 5. e3 Nbd7 6. Nc3 O-O 7. cxd5 exd5 8.
Bd3 h6 9. Bf4 Bb4 10. a3 Bxc3+ 11. bxc3 Ne4 12. c4 c6 13. cxd5 Qa5+ 14. Nd2
Nxd2 15. Qxd2 Qxd2+ 16. Kxd2 cxd5 17. Rhc1 Nf6 18. Bd6 Re8 19. f3 a6 20. Rc7 b5
21. Rac1 Be6 22. Be7 Nd7 23. Bc5 Rec8 24. Ba7 Nf6 25. Rxc8+ Rxc8 26. Rxc8+ Bxc8
27. e4 Bb7 28. Ke3 Kh8 29. Bb8 Bc6 30. Bc2 dxe4 31. fxe4 Kg8 32. d5 Bd7 33. Kd4
Ne8 34. e5 g6 35. Kc5 a5 36. Bd3 b4 37. axb4 axb4 38. Kxb4 Kf8 39. Be2 Ng7 40.
Bd6+ Ke8 41. Bc5 Nf5 42. Bf2 h5 43. Kc5 Bc8 44. Kc6 Ne7+ 45. Kc7 Bd7 46. Bf3
Nf5 47. Be2 Ne7 48. Bc4 Nf5 49. d6 Ba4 50. e6 fxe6 51. Bxe6 Nxd6 52. Kxd6 Kf8
53. Bd4 Bd1 54. Ke5 Kg7 55. Kf4+ Kh6 56. Bg8 Bg4 57. h4 Bd7 58. Bh8 g5+ 59.
hxg5+ Kg6 60. Bd5 {Tinker resigns} 1-0

[Event "ICS rated standard match"]
[Site "204.178.125.65"]
[Date "2001.08.26"]
[Round "?"]
[White "Tinker"]
[Black "Hossa"]
[Result "1/2-1/2"]
[WhiteElo "2373"]
[BlackElo "2307"]
[PlyCount "157"]
[EventDate "2001.??.??"]

1. e4 c5 2. Nf3 d6 3. d4 cxd4 4. Nxd4 Nf6 5. Nc3 a6 6. Bg5 e6 7. f4 Qb6 8. Nb3
Be7 9. Qf3 Qc7 10. O-O-O O-O 11. Qd3 Rd8 12. Qg3 b5 13. Bh6 Ne8 14. Nd4 b4 15.
Nce2 Bb7 16. e5 dxe5 17. fxe5 Qa5 18. Kb1 Nc6 19. Rd2 Nxe5 20. Nb3 Qc7 21. Rxd8
Rxd8 22. Ned4 Rc8 23. Bf4 Bd6 24. Be2 Nf6 25. Rf1 Nd5 26. Bh5 Nxf4 27. Qxf4
Bxg2 28. Rf2 Bd5 29. Qc1 Bc5 30. Nxc5 Qxc5 31. Qe3 f6 32. h3 Nc6 33. Rd2 Nxd4
34. Qxd4 Bxa2+ 35. Kxa2 Qxh5 36. Qxb4 Qxh3 37. Qb7 Re8 38. Rg2 g5 39. Qd7 Qxg2
40. Qxe8+ Kg7 41. Qxe6 Qb7 42. c4 h5 43. b3 a5 44. c5 Qf7 45. Qa6 Qc7 46. Qb6
Qh2+ 47. Ka3 Qd2 48. c6 Kf7 49. Qb7+ Ke6 50. Qc8+ Ke5 51. Qe8+ Kf4 52. Qb8+ Kf3
53. c7 Qd4 54. b4 axb4+ 55. Ka4 b3+ 56. Kxb3 Qd5+ 57. Kb4 Qd4+ 58. Ka3 Qa1+ 59.
Kb3 Qb1+ 60. Kc4 Qe4+ 61. Kc3 Qe1+ 62. Kb2 Qe2+ 63. Ka3 Qa6+ 64. Kb4 Qd6+ 65.
Ka5 Qc5+ 66. Ka4 Qc4+ 67. Ka3 Qc5+ 68. Ka2 Qa5+ 69. Kb3 Qd5+ 70. Kb4 Qd4+ 71.
Ka3 Qa1+ 72. Kb3 Qb1+ 73. Kc4 Qe4+ 74. Kc3 Qe1+ 75. Kb2 Qe2+ 76. Ka1 Qe5+ 77.
Ka2 Qa5+ 78. Kb3 Qd5+ 79. Kb4 {Game drawn by repetition} 1/2-1/2

[Event "ICS rated standard match"]
[Site "204.178.125.65"]
[Date "2001.08.26"]
[Round "?"]
[White "Hossa"]
[Black "ChesterX"]
[Result "0-1"]
[WhiteElo "2310"]
[BlackElo "2483"]
[PlyCount "115"]
[EventDate "2001.??.??"]

1. e4 e6 2. d4 d5 3. Nc3 Bb4 4. e5 c5 5. Bd2 Ne7 6. a3 Bxc3 7. Bxc3 b6 8. dxc5
bxc5 9. b4 Qc7 10. bxc5 Qxc5 11. Qd2 Nbc6 12. Nf3 a5 13. Bd3 O-O 14. O-O Ba6
15. Bb2 Rab8 16. Rab1 Bxd3 17. cxd3 Rb3 18. Rfc1 Qb5 19. Rc3 a4 20. Rxb3 axb3
21. Bc3 Rb8 22. Bb4 Ng6 23. Rxb3 d4 24. Qg5 Ngxe5 25. Nxe5 Nxe5 26. Qf4 Rc8 27.
Qd2 Ng6 28. Rb1 h5 29. f4 e5 30. fxe5 Nxe5 31. Rd1 Ng4 32. Qe1 Ne3 33. Rd2 Rc6
34. Qb1 Qb7 35. Rf2 Ng4 36. Rf4 g5 37. Rxg4 hxg4 38. Qb2 Qc7 39. Qxd4 Rc1+ 40.
Kf2 Rc2+ 41. Ke3 g3 42. Bd6 gxh2 43. Bxc7 h1=Q 44. Qd8+ Kh7 45. Qd6 Qc1+ 46.
Ke4 Rxc7 47. g4 Qh1+ 48. Ke3 Qe1+ 49. Kd4 Qg1+ 50. Kd5 Qg2+ 51. Kd4 Qxg4+ 52.
Kd5 Rd7 53. Qxd7 Qxd7+ 54. Ke5 Qxd3 55. Kf6 Qxa3 56. Ke5 Qd3 57. Kf6 Qd5 58.
Ke7 {Hossa resigns} 0-1

[Event "ICS rated standard match"]
[Site "204.178.125.65"]
[Date "2001.08.26"]
[Round "?"]
[White "Tinker"]
[Black "Hossa"]
[Result "0-1"]
[WhiteElo "2370"]
[BlackElo "2301"]
[PlyCount "120"]
[EventDate "2001.??.??"]

1. e4 c5 2. Nf3 d6 3. d4 cxd4 4. Nxd4 Nf6 5. Nc3 a6 6. Be2 e5 7. Nb3 Be7 8. O-O
O-O 9. a4 Be6 10. Be3 Nbd7 11. Qd2 Bxb3 12. cxb3 Nc5 13. Bxc5 dxc5 14. Qe3 Qd4
15. Qf3 Qd2 16. Qf5 Bd8 17. Bc4 Qxb2 18. Nd5 Nxd5 19. exd5 g6 20. Qd7 Rb8 21.
Rab1 Qd4 22. Rbd1 Qf4 23. d6 e4 24. Qh3 Bf6 25. Qe3 Be5 26. Qxf4 Bxf4 27. d7
Rfd8 28. g3 b5 29. axb5 axb5 30. Be2 Bg5 31. Rd5 Be7 32. Rfd1 Rb7 33. g4 Kg7
34. Bf1 Bf6 35. Rxc5 Rbxd7 36. Rxd7 Rxd7 37. Rxb5 Rd2 38. Rb4 Bd4 39. Be2 f5
40. gxf5 gxf5 41. Rb7+ Kg6 42. Kf1 f4 43. Ke1 Bc3 44. Rc7 Ba5 45. Ra7 Rd5+ 46.
Rxa5 Rxa5 47. h3 Ra1+ 48. Kd2 Kf6 49. h4 Ra2+ 50. Ke1 Rb2 51. Bc4 e3 52. fxe3
fxe3 53. Bd5 Kf5 54. Bf7 Kf4 55. h5 Kg4 56. Bg8 Kxh5 57. Bxh7 Rxb3 58. Bf5 Rb2
59. Bh7 Kg5 60. Be4 Kf4 {Tinker resigns} 0-1

[Event "ICS rated standard match"]
[Site "204.178.125.65"]
[Date "2001.08.26"]
[Round "?"]
[White "diep"]
[Black "Hossa"]
[Result "1-0"]
[WhiteElo "2371"]
[BlackElo "2320"]
[PlyCount "145"]
[EventDate "2001.??.??"]

1. Nc3 d5 2. e4 d4 3. Nce2 Nc6 4. Nf3 e5 5. Ng3 h5 6. h3 h4 7. Ne2 Be6 8. d3
Be7 9. c3 Qd7 10. cxd4 exd4 11. Nf4 O-O-O 12. Be2 Bb4+ 13. Bd2 Kb8 14. O-O Bxd2
15. Qxd2 f6 16. Nxe6 Qxe6 17. Rfc1 g5 18. b4 g4 19. hxg4 h3 20. g3 Rh7 21. Nh2
Nge7 22. Qc2 Qd7 23. b5 Ne5 24. f4 N5g6 25. Kf2 Rg8 26. Qc4 Rgh8 27. Rh1 Rd8
28. Nf3 Nxf4 29. gxf4 Qxg4 30. Nxd4 Qxf4+ 31. Nf3 Rdh8 32. Rag1 Qd6 33. Qd4 Qf4
34. Rh2 Nc8 35. Rg3 Rh5 36. a4 R5h7 37. Bf1 Nb6 38. Rhxh3 Rxh3 39. Bxh3 Qc1 40.
Qxf6 Qc2+ 41. Ke3 Re8 42. Qe5 Rd8 43. Qd4 Qc1+ 44. Ke2 Re8 45. a5 Qc2+ 46. Ke3
Qc1+ 47. Kf2 Qc2+ 48. Kf1 Na4 49. Qc4 Qxc4 50. dxc4 Nc5 51. e5 Rf8 52. Ke2 a6
53. bxa6 Nxa6 54. e6 Re8 55. Ne5 Ka7 56. Nd7 Nb4 57. Nf6 Re7 58. Ng8 Re8 59. e7
Nc6 60. Bd7 Rxe7+ 61. Nxe7 Nxe7 62. Rg7 Ka6 63. Bb5+ Kxa5 64. Rxe7 c5 65. Rxb7
Kb4 66. Kd3 Ka5 67. Ba6 Kxa6 68. Rb5 Ka7 69. Ke4 Ka8 70. Kd5 Ka7 71. Kd6 Ka6
72. Kc7 Ka7 73. Ra5# {Hossa checkmated} 1-0

[Event "ICS rated blitz match"]
[Site "204.178.125.65"]
[Date "2001.08.26"]
[Round "?"]
[White "Hossa"]
[Black "Makron2"]
[Result "1-0"]
[WhiteElo "2523"]
[BlackElo "2502"]
[PlyCount "135"]
[EventDate "2001.??.??"]

1. d4 Nf6 2. c4 e6 3. Nc3 d5 4. cxd5 exd5 5. Bg5 Bb4 6. e3 h6 7. Bxf6 Qxf6 8.
Bd3 O-O 9. a3 Bxc3+ 10. bxc3 Bf5 11. Nf3 Nd7 12. Bxf5 Qxf5 13. Qb1 Qxb1+ 14.
Rxb1 Rab8 15. Ke2 f6 16. Rb5 c6 17. Rb4 b5 18. Nd2 a5 19. Rb2 Nb6 20. Kf3 Kf7
21. Nb3 Nc4 22. Ra2 Rfe8 23. Nc5 a4 24. Rb1 Ra8 25. g4 Ra7 26. h4 Ree7 27. h5
Re8 28. Kg3 Ree7 29. Kf4 Re8 30. Kf3 Ree7 31. Rg1 Re8 32. Rh1 Ree7 33. Kf4 Re8
34. Raa1 Ree7 35. Rhg1 Re8 36. Rgd1 Ree7 37. Rh1 Re8 38. Rhg1 Ree7 39. Kf3 Re8
40. Rge1 Ree7 41. Rh1 Nd2+ 42. Ke2 Nc4 43. Kd3 Re8 44. Rhe1 Ree7 45. Reb1 Re8
46. Ra2 Ree7 47. Re1 Re8 48. f3 Ree7 49. e4 dxe4+ 50. Rxe4 Re8 51. Ra1 Rae7 52.
Nxa4 Nd6 53. Rxe7+ Rxe7 54. Nb6 Rb7 55. c4 bxc4+ 56. Nxc4 Nb5 57. a4 Nc7 58.
Nd6+ Ke6 59. Nxb7 Nd5 60. Nc5+ Kd6 61. a5 Nc7 62. a6 Na8 63. a7 Kc7 64. Rb1 Kd6
65. Rb7 Nb6 66. Rxb6 Ke7 67. Rb7+ Kf8 68. a8=Q# {Makron2 checkmated} 1-0

[Event "ICS rated standard match"]
[Site "204.178.125.65"]
[Date "2001.08.26"]
[Round "?"]
[White "Hossa"]
[Black "diep"]
[Result "1-0"]
[WhiteElo "2306"]
[BlackElo "2385"]
[PlyCount "141"]
[EventDate "2001.??.??"]

1. d4 f5 2. Nf3 d6 3. Bf4 Nf6 4. e3 Nd5 5. Bg3 e6 6. c4 Nb6 7. Bd3 Be7 8. Nc3
O-O 9. Qd2 Nc6 10. O-O Bf6 11. Ne2 a5 12. Rac1 Be7 13. b3 Nb4 14. Bb1 Bf6 15.
Nf4 g5 16. Nh5 Bh8 17. a3 Nc6 18. Qe2 Qe7 19. c5 dxc5 20. Rxc5 g4 21. Nh4 e5
22. b4 axb4 23. Ba2+ Be6 24. Nxf5 Rxf5 25. Qxg4+ Kf8 26. Bxe6 Qxe6 27. e4 bxa3
28. exf5 Qd6 29. Rxc6 bxc6 30. dxe5 Bxe5 31. Bxe5 Qxe5 32. f6 Ke8 33. Qg8+ Kd7
34. Rd1+ Nd5 35. Qxa8 Qxh5 36. Rc1 Nxf6 37. Qxc6+ Ke7 38. Qxc7+ Kf8 39. Qc5+
Qxc5 40. Rxc5 Ke7 41. Ra5 Ke6 42. f4 h5 43. f5+ Kd6 44. Rxa3 Ke5 45. Ra6 Ne4
46. f6 Ng5 47. Kf2 Kd4 48. Kg3 Nf7 49. Kh4 Kc5 50. Kxh5 Nd8 51. Ra5+ Kb6 52.
Rd5 Nf7 53. Kg6 Kc6 54. Rc5+ Kxc5 55. Kxf7 Kd5 56. Ke7 Ke4 57. f7 Ke3 58. Ke6
Kd2 59. f8=Q Kc3 60. Qb4+ Kxb4 61. Kd5 Kc3 62. h4 Kb4 63. h5 Kc3 64. h6 Kb4 65.
h7 Kc3 66. h8=Q+ Kd2 67. Kd4 Ke2 68. Qh2 Kd2 69. g3+ Ke1 70. Ke3 Kf1 71. Qh1# {
diep checkmated} 1-0

[Event "ICS rated standard match"]
[Site "204.178.125.65"]
[Date "2001.08.26"]
[Round "?"]
[White "diep"]
[Black "Hossa"]
[Result "0-1"]
[WhiteElo "2365"]
[BlackElo "2326"]
[PlyCount "110"]
[EventDate "2001.??.??"]

1. Nc3 d5 2. e4 dxe4 3. Bc4 Nf6 4. f3 exf3 5. Nxf3 e6 6. d4 Bd6 7. O-O O-O 8.
Qe2 c5 9. Be3 cxd4 10. Nxd4 a6 11. Rad1 Qc7 12. h3 Be5 13. Nf3 Bxc3 14. bxc3
Nbd7 15. Bd3 Qxc3 16. Bf4 Qc5+ 17. Rf2 Nd5 18. Bd2 b5 19. Rdf1 Bb7 20. Ng5 N5f6
21. Be3 Qe7 22. Bd4 e5 23. Re1 Rae8 24. Bb2 e4 25. Qe3 Qb4 26. c3 Qa5 27. Bc2
h6 28. Bb3 hxg5 29. Qxg5 Qc7 30. Bc2 Qc5 31. Qc1 a5 32. a4 b4 33. cxb4 axb4 34.
Re3 Qg5 35. Qe1 Ne5 36. h4 Qh6 37. Bxe5 Rxe5 38. Rb3 e3 39. Re2 Nd5 40. Rxb4
Nxb4 41. Qxb4 Ba6 42. Qd4 Rh5 43. Rxe3 Rxh4 44. Qxh4 Qxh4 45. Re4 Qh6 46. Bd1
Qc1 47. Kh2 Qxd1 48. Re3 Qh5+ 49. Kg3 f5 50. Kf2 Qh4+ 51. Kg1 Rc8 52. Rh3 Qf4
53. Rh8+ Kxh8 54. g3 Qxg3+ 55. Kh1 Bb7# {diep checkmated} 0-1

[Event "ICS rated standard match"]
[Site "204.178.125.65"]
[Date "2001.08.26"]
[Round "?"]
[White "Hossa"]
[Black "diep"]
[Result "0-1"]
[WhiteElo "2344"]
[BlackElo "2347"]
[PlyCount "113"]
[EventDate "2001.??.??"]

1. e4 e6 2. d4 d5 3. Nc3 Nf6 4. e5 Nfd7 5. f4 c5 6. Nf3 Nc6 7. Be3 cxd4 8. Nxd4
Qb6 9. Be2 Bc5 10. Na4 Qa5+ 11. c3 Bxd4 12. Bxd4 b5 13. Nc5 Nxc5 14. Bxc5 b4
15. cxb4 Nxb4 16. Bxb4 Qxb4+ 17. Qd2 Qb6 18. Rc1 Ba6 19. Bxa6 Qxa6 20. Rc7 O-O
21. b3 Rfc8 22. Rxc8+ Rxc8 23. g4 Rc7 24. Rg1 Qa3 25. Kd1 Qa6 26. Ke1 Qc8 27.
Kd1 Qb7 28. Ke1 Qc6 29. Rf1 Qc1+ 30. Ke2 Qc2 31. Re1 Rc3 32. Qxc2 Rxc2+ 33. Kf3
Rxh2 34. Re2 Rxe2 35. Kxe2 h6 36. b4 Kf8 37. b5 g6 38. a4 Ke7 39. a5 Kd7 40.
Kd3 h5 41. gxh5 gxh5 42. b6 axb6 43. a6 Kc7 44. a7 Kb7 45. Kd4 Ka8 46. Ke3 b5
47. Kd4 Kxa7 48. Kd3 b4 49. Kc2 h4 50. Kb3 h3 51. Kxb4 h2 52. Kb3 h1=Q 53. Kc3
Qc1+ 54. Kd3 Qxf4 55. Kc3 Qe3+ 56. Kc2 d4 57. Kb1 {Hossa resigns} 0-1

[Event "ICS rated blitz match"]
[Site "204.178.125.65"]
[Date "2001.08.26"]
[Round "?"]
[White "nyul"]
[Black "Hossa"]
[Result "0-1"]
[WhiteElo "2114"]
[BlackElo "2538"]
[PlyCount "64"]
[EventDate "2001.??.??"]

1. e4 c5 2. c4 Nc6 3. d3 g6 4. Nc3 Bg7 5. Nf3 d6 6. h3 f5 7. Be3 e6 8. Qd2 Nge7
9. Be2 O-O 10. Bh6 Nd4 11. Bxg7 Kxg7 12. Bd1 Kh8 13. h4 Nec6 14. h5 Nxf3+ 15.
Bxf3 g5 16. g4 Nd4 17. Bd1 fxe4 18. Nxe4 Rf4 19. O-O b6 20. f3 d5 21. cxd5 exd5
22. Ng3 Qd6 23. Kg2 Qf6 24. b4 cxb4 25. Rb1 Bd7 26. Rxb4 Rf8 27. a4 a5 28. Rb1
Bxg4 29. fxg4 Rxf1 30. Nf5 Nxf5 31. Qb2 Ne3+ 32. Kg3 d4 {nyul resigns} 0-1

[Event "ICS rated blitz match"]
[Site "204.178.125.65"]
[Date "2001.08.26"]
[Round "?"]
[White "Hossa"]
[Black "nyul"]
[Result "1-0"]
[WhiteElo "2541"]
[BlackElo "2111"]
[PlyCount "33"]
[EventDate "2001.??.??"]

1. e4 e5 2. Nf3 Nc6 3. d4 d6 4. dxe5 Qe7 5. Bb5 Bd7 6. Bxc6 Bxc6 7. O-O dxe5 8.
Nc3 Nf6 9. Re1 Rd8 10. Qe2 h6 11. Nd5 Nxd5 12. exd5 Bxd5 13. Nxe5 Be6 14. Bd2
Qh4 15. Nxf7 Rxd2 16. Qxe6+ Be7 17. g3 {nyul resigns} 1-0

[Event "ICS rated blitz match"]
[Site "204.178.125.65"]
[Date "2001.08.26"]
[Round "?"]
[White "nyul"]
[Black "Hossa"]
[Result "0-1"]
[WhiteElo "2109"]
[BlackElo "2543"]
[PlyCount "48"]
[EventDate "2001.??.??"]

1. e4 c5 2. c4 Nc6 3. d3 d6 4. Nc3 Nf6 5. Nf3 e5 6. Be2 Be7 7. O-O O-O 8. h3
Bd7 9. Nh2 Nd4 10. f4 Qc7 11. f5 Bc6 12. g4 Nd7 13. g5 Qd8 14. h4 f6 15. g6
hxg6 16. fxg6 f5 17. exf5 Bxh4 18. Bg4 Bg3 19. Nf3 Nxf3+ 20. Bxf3 Qh4 21. Qe2
Rxf5 22. Nd5 Raf8 23. Ne7+ Qxe7 24. Bxc6 Rxf1+ {nyul resigns} 0-1

[Event "ICS rated blitz match"]
[Site "204.178.125.65"]
[Date "2001.08.26"]
[Round "?"]
[White "QueenMaxima"]
[Black "Hossa"]
[Result "1-0"]
[WhiteElo "2498"]
[BlackElo "2545"]
[PlyCount "165"]
[EventDate "2001.??.??"]

1. e4 c5 2. Nc3 Nc6 3. Nf3 d6 4. Bc4 Nf6 5. O-O Bg4 6. h3 Bxf3 7. Qxf3 Nd4 8.
Qd1 e6 9. d3 Be7 10. a4 d5 11. exd5 exd5 12. Ba2 Ne6 13. Re1 O-O 14. Qf3 Nd4
15. Qd1 Ne6 16. Bd2 Re8 17. Nb5 Qd7 18. Qf3 a6 19. Nc3 Nd4 20. Qd1 Nc6 21. a5
Nb4 22. Bb3 Qc7 23. Qf3 Bd6 24. Nxd5 Nfxd5 25. c3 Nxd3 26. Qxd3 Nf4 27. Qf5
Ne2+ 28. Kh1 c4 29. Bc2 g6 30. Qf3 Nf4 31. Be3 Re6 32. Bb6 Qd7 33. Rxe6 fxe6
34. Rd1 Rf8 35. Qe4 Nd5 36. Ba4 Qe7 37. Rd2 Rf4 38. Qe2 Nxb6 39. axb6 Bc5 40.
f3 e5 41. Rd7 Qe6 42. Rxb7 Bxb6 43. b3 Ba5 44. Qd2 Rf7 45. Bd7 Rxd7 46. Rxd7
cxb3 47. Rb7 Qc6 48. Re7 Kf8 49. Rxe5 b2 50. Qxb2 Bd8 51. Qb8 Qc7 52. Qxc7 Bxc7
53. Rc5 Bd8 54. Rc8 Ke7 55. Ra8 a5 56. Ra7+ Kd6 57. Rxh7 g5 58. Rf7 Ke6 59. Rb7
Kd6 60. Rb8 Kd7 61. g3 Bf6 62. c4 Be5 63. Rb5 Bxg3 64. Rxg5 Bc7 65. h4 a4 66.
h5 a3 67. Rg8 Bf4 68. Ra8 Bc1 69. Ra6 Ke7 70. h6 Kf7 71. c5 Bf4 72. h7 Kg7 73.
Ra7+ Kh8 74. c6 Be3 75. Ra8+ Kxh7 76. c7 Bd4 77. c8=Q Kg7 78. Qg8+ Kf6 79. Ra6+
Bb6 80. Rxb6+ Ke5 81. Qc4 Kf5 82. Qe4+ Kg5 83. Qg4# {Hossa checkmated} 1-0

[Event "ICS rated standard match"]
[Site "204.178.125.65"]
[Date "2001.08.26"]
[Round "?"]
[White "QueenMaxima"]
[Black "Hossa"]
[Result "0-1"]
[WhiteElo "2177"]
[BlackElo "2328"]
[PlyCount "112"]
[EventDate "2001.??.??"]

1. e4 c5 2. Nc3 Nc6 3. Nf3 d6 4. Bc4 Nf6 5. O-O e6 6. d4 cxd4 7. Nxd4 Be7 8.
Be3 O-O 9. Re1 Nxd4 10. Qxd4 Ng4 11. Rad1 Nxe3 12. Rxe3 Bd7 13. Rg3 g6 14. Rgd3
Rc8 15. Bb3 b6 16. Kh1 Bc6 17. f4 Qd7 18. Bc4 f5 19. Ba6 Rb8 20. e5 d5 21. Ne2
b5 22. b4 Qc7 23. Ra3 Bd7 24. c3 Bd8 25. Qe3 Rf7 26. Nd4 h6 27. Nb3 g5 28. Nc5
gxf4 29. Qxf4 Bg5 30. Qd4 Be7 31. Nxd7 Qxd7 32. Qd3 Bd8 33. Qg3+ Rg7 34. Qe3
Kh7 35. Qc5 Be7 36. Qe3 Qc6 37. Qd4 Rb6 38. Bxb5 Qxb5 39. Rxa7 Qe2 40. Rg1 Rc6
41. a3 Rc4 42. Qd1 Qxe5 43. Re1 Qxc3 44. g3 Rd4 45. Qxd4 Qxd4 46. Ra6 Qf2 47.
Raxe6 f4 48. R6e2 Qf3+ 49. Rg2 fxg3 50. h3 Bf6 51. Rc1 Qh5 52. Rc3 Bxc3 53. h4
Qd1+ 54. Rg1 g2+ 55. Kh2 Be5+ 56. Kh3 Qf3# {QueenMaxima checkmated} 0-1

[Event "ICS rated blitz match"]
[Site "204.178.125.65"]
[Date "2001.08.27"]
[Round "?"]
[White "Hossa"]
[Black "Saitek"]
[Result "0-1"]
[WhiteElo "2527"]
[BlackElo "2786"]
[PlyCount "101"]
[EventDate "2001.??.??"]

1. d4 d6 2. e4 g6 3. Nf3 Bg7 4. Nc3 a6 5. Be2 b5 6. O-O Nc6 7. d5 Na7 8. Be3 b4
9. Na4 a5 10. Bxa7 Rxa7 11. Bb5+ Bd7 12. Nd4 Bxb5 13. Nxb5 Rb7 14. c4 e5 15.
dxe6 fxe6 16. Qd3 Nh6 17. Rad1 Nf7 18. Qe2 Qe7 19. Rd3 O-O 20. Rfd1 Ne5 21. Rh3
Rbb8 22. Nd4 Rf7 23. f3 Rbf8 24. Qc2 Qd7 25. c5 Nc6 26. Nxc6 Qxc6 27. b3 d5 28.
exd5 exd5 29. Qd2 Rf5 30. Re1 Qf6 31. Qf2 Re5 32. Rh4 Rfe8 33. Rxe5 Qxe5 34.
Qd2 c6 35. g3 Qe1+ 36. Qxe1 Rxe1+ 37. Kf2 Ra1 38. Ke3 Rxa2 39. Kd3 Bb2 40. g4
Bc1 41. Nb6 Bg5 42. Kd4 Bf6+ 43. Ke3 Bxh4 44. Nc8 a4 45. bxa4 b3 46. Kd3 Rxh2
47. g5 b2 48. Ne7+ Kf7 49. Nxc6 b1=Q+ 50. Kd4 Rd2+ 51. Ke5 {Hossa resigns} 0-1